Catálogo público

Suggestions for peppermint wilt control / (Record no. 205026)

MARC details
000 -CABECERA
campo de control de longitud fija 00777nam a2200289Ia 4500
001 - NÚMERO DE CONTROL
campo de control Para_6283
003 - IDENTIFICADOR DEL NÚMERO DE CONTROL
campo de control CHAP
008 - DATOS DE LONGITUD FIJA--INFORMACIÓN GENERAL
campo de control de longitud fija 220125s1965 xx 000 0 und d
010 ## - NÚMERO DE CONTROL DE LA BIBLIOTECA DEL CONGRESO
Número de control de LC 205026
040 ## - FUENTE DE LA CATALOGACIÓN
Centro/agencia transcriptor CHAP
090 ## - LOCALMENTE ASIGNADO TIPO-LC NÚMERO DE CLASIFICACIÓN (OCLC); NÚMERO DE CLASIFICACIÓN LOCAL (RLIN)
Número de clasificación (OCLC) (R) ; Numero de clasificación, CALL (RLIN) (NR) PA FOLLETO 502
100 ## - ENTRADA PRINCIPAL--NOMBRE DE PERSONA
Nombre de persona MacSwan, I.C.
245 ## - MENCIÓN DE TÍTULO
Título Suggestions for peppermint wilt control /
Mención de responsabilidad, etc. by I.C. MacSwan, C.E. Horner
260 ## - PUBLICACIÓN, DISTRIBUCIÓN, ETC.
Lugar de publicación, distribución, etc. Oregon :
Nombre del editor, distribuidor, etc. Orengon State
300 ## - DESCRIPCIÓN FÍSICA
Extensión 2 p.
440 ## - MENCIÓN DE SERIE/PUNTO DE ACCESO ADICIONAL--TÍTULO
Título Fact sheets; 93
9 (RLIN) 170962
650 ## - PUNTO DE ACCESO ADICIONAL DE MATERIA--TÉRMINO DE MATERIA
Término de materia o nombre geográfico como elemento de entrada Menta
Subdivisión general Oregon
9 (RLIN) 170963
650 ## - PUNTO DE ACCESO ADICIONAL DE MATERIA--TÉRMINO DE MATERIA
Término de materia o nombre geográfico como elemento de entrada Verticillium alboatrum
9 (RLIN) 118968
700 ## - PUNTO DE ACCESO ADICIONAL--NOMBRE DE PERSONA
Nombre de persona Horner, C.E.
9 (RLIN) 170964
901 ## - ELEMENTOS DE DATOS A LOCAL LDA (RLIN)
a PA FOLLETO 502
902 ## - ELEMENTOS DE DATOS B LOCAL, LDB (RLIN)
a A
905 ## - ELEMENTOS DE DATOS E LOCAL, LDE (RLIN)
a 0000001965 0000000000 00
910 ## - DATOS DE OPCIÓN DEL USUARIO (OCLC)
Datos de opción del usuario 1965
942 ## - ELEMENTOS DE PUNTO DE ACCESO ADICIONAL (KOHA)
Tipo de ítem Koha Parasitologia_
942 ## - ELEMENTOS DE PUNTO DE ACCESO ADICIONAL (KOHA)
Tipo de ítem Koha Parasitologia_
-- 1
Holdings
Estado de retiro Estado de pérdida Fuente del sistema de clasificación o colocación Estado dañado No para préstamo Código de colección Localización permanente Ubicación/localización actual Ubicación en estantería Fecha de adquisición Información codificada de la localización en otra ubicación Total de préstamos Código de barras Fecha visto por última vez Precio válido a partir de Tipo de ítem Koha Nota pública
    Clasificación Universidad Autónoma de Chapingo     Folletos Parasitologia Agricola Parasitologia Agricola   27/10/2005 PARA   PA_4633 25/01/2022 25/01/2022 Folleto 3